Možnosti uplatnenie projektového prístupu v podnikovom manažmente

Gespeichert in:
Bibliographische Detailangaben
1. Verfasser: Majtán, Miroslav
Format: Buchkapitel
Sprache:Slowakisch
Tags: Tag hinzufügen
Keine Tags, Fügen Sie das erste Tag hinzu!

MARC

LEADER 00000naa$a2200000$$$4500
001 0102889
005 20240502072121.6
041 0 |a slo 
044 |a SK 
245 1 0 |a Možnosti uplatnenie projektového prístupu v podnikovom manažmente  |c Miroslav Majtán 
100 1 |a Majtán, Miroslav